The Gospel of Matthew in current study : (Record no. 28112)
[ view plain ]
| 000 -LEADER | |
|---|---|
| fixed length control field | 00872nam a2200193 4500 |
| 008 - FIXED-LENGTH DATA ELEMENTS--GENERAL INFORMATION | |
| fixed length control field | 070111s2001 miuc b 110 0 eng |
| 020 ## - INTERNATIONAL STANDARD BOOK NUMBER | |
| International Standard Book Number | 0802846734 :Php10(AGST) |
| 090 ## - LOCALLY ASSIGNED LC-TYPE CALL NUMBER (OCLC); LOCAL CALL NUMBER (OCLC) | |
| Classification number (OCLC) (R) ; Classification number, CALL (RLIN) (NR) | BS2575.2 |
| Local cutter number (OCLC) ; Book number/undivided call number, CALL (RLIN) | G69g |
| 245 04 - TITLE STATEMENT | |
| Title | The Gospel of Matthew in current study : |
| Remainder of title | studies in memory of William G. Thompson, S.J. / |
| Statement of responsibility, etc | edited by David E. Aune. |
| 260 ## - PUBLICATION, DISTRIBUTION, ETC. (IMPRINT) | |
| Place of publication, distribution, etc | Grand Rapids, Mich. : |
| Name of publisher, distributor, etc | W.B. Eerdmans Pub. Co., |
| Date of publication, distribution, etc | c2001. |
| 300 ## - PHYSICAL DESCRIPTION | |
| Extent | xii, 191 p. : |
| Other physical details | port. ; |
| Dimensions | 23 cm. |
| 500 ## - GENERAL NOTE | |
| General note | Proceedings of a colloquium held June 12-14, 1998 at the Lake Shore Campus of Loyola University. |
| 504 ## - BIBLIOGRAPHY, ETC. NOTE | |
| Bibliography, etc | Includes bibliographical references (p. 185-189). |
| 630 04 - SUBJECT ADDED ENTRY--UNIFORM TITLE | |
| Uniform title | Bible. |
| Name of part/section of a work | N.T. |
| -- | Matthew |
| General subdivision | Criticism, interpretation, etc. |
| -- | Congresses. |
| 951 ## - EQUIVALENCE OR CROSS-REFERENCE-GEOGRAPHIC NAME/AREA NAME [OBSOLETE] [CAN/MARC only] | |
| General subdivision | 00033962 |
| 700 1# - ADDED ENTRY--PERSONAL NAME | |
| Personal name | Aune, David Edward. |
| 700 1# - ADDED ENTRY--PERSONAL NAME | |
| Personal name | Thompson, William G., |
| Dates associated with a name | 1930- |
| 951 ## - EQUIVALENCE OR CROSS-REFERENCE-GEOGRAPHIC NAME/AREA NAME [OBSOLETE] [CAN/MARC only] | |
| -- | 30033 |
| -- | BS2575.2/G69g |
| -- | 070613111620109 |
| -- | 2000-12-21 |
| -- | GC |
| 942 00 - ADDED ENTRY ELEMENTS (KOHA) | |
| Koha issues (borrowed), all copies | 2 |
| Withdrawn status | Lost status | Damaged status | Not for loan | Home library | Current library | Shelving location | Date acquired | Accession number | Shelving control number | Total Checkouts | Full call number | Barcode | Date last seen | Date last borrowed | Price effective from | Koha item type |
|---|---|---|---|---|---|---|---|---|---|---|---|---|---|---|---|---|
| BSOP Library | BSOP Library | GC | 12/21/2000 | 30033 | 127 | 2 | BS2575.2/G69g | 00033962 | 12/26/2018 | 12/13/2018 | 02/23/2013 | Books |
